| 000 | 00495nam a2200169Ia 4500 | ||
|---|---|---|---|
| 003 | OSt | ||
| 005 | 20200908112051.0 | ||
| 008 | 190216s9999||||xx |||||||||||||| ||und|| | ||
| 040 | _coclc | ||
| 082 |
_a535.05 _bBAB/O |
||
| 100 |
_aBabu, C J _94483 |
||
| 245 | 0 |
_aOptics And Spectroscopy / _cC J Babu ; E M A Jamal ; K M Paul |
|
| 260 |
_bCalicut University Publications, _c2006. |
||
| 300 | _a285p | ||
| 650 | _aPhysics | ||
| 942 |
_cBK _2ddc _h535.05 _iBAB/O _k535.05 _mBAB/O |
||
| 999 |
_c34086 _d34086 |
||